00742nam a2200217Ii 45000010005000000030009000050080041000140400033000550410008000880820016000961000020001122450021001322640069001533000012002223360026002343370028002603380027002889400050003159990017003659520142003825742CO-ViMGA241108s9999||||xx |||||||||||||| ||und|| aCO-ViMGAbspaerdacCO-ViMGA0 aunk04a843.9-M457b1 aAndré Maurois10aBernardo Quesnay 1a[Lugar de publicación no identificado] : Salvat Editores, 1971 avolumen atextbtxt2rdacontent aunmediatedbn2rdamedia avolumebnc2rdacarrier aidficha_siabuc: 5596. -- ficha_no_siabuc:5742 c50131d50131 001040708001aMEVIGERRbMEVIGERRcGENd2006-11-27hVol.1o843.9-M457bpECA4912r2024-11-26 10:01:39tEj.1w2024-11-26yBKz5596 | 7851